Science Quiz

Random Science or Animal Quiz

Birds (A-Z) Quiz Stats

 Plays Quiz Updated Mar 9, 2013

Also try: Birds
Challenge
Share
Tweet
Score 0/25 Timer 05:00
10 Plays Today
% Correct
Eagle
98.3%
Dove
96.9%
Goose
95.4%
Ostrich
95.3%
Hawk
91.6%
Falcon
89.4%
Toucan
85.7%
Bluejay
85%
Puffin
81.6%
Cardinal
81.5%
Kiwi
77.1%
Woodpecker
71.9%
Albatross
70.9%
% Correct
Stork
70.4%
Roadrunner
65.6%
Ibis
62.4%
Loon
55.7%
Mockingbird
29.2%
Quetzal
20.3%
Zebra Finch
19.9%
Nightjar
14.4%
Umbrellabird
11.9%
Yellowhammer
11.8%
Vireo
9.7%
Jacana
5.9%

You're not logged in!

Compare scores with friends on all Sporcle quizzes.
Join for Free
OR
Log In

You Might Also Like...

Show Comments

Extras

Top Quizzes Today


Score Distribution

Your Account Isn't Verified!

In order to create a playlist on Sporcle, you need to verify the email address you used during registration. Go to your Sporcle Settings to finish the process.

Report this User

Report this user for behavior that violates our Community Guidelines.

Details: